[Event "HUN-chT 1920"]
[Site "Hungary"]
[Date "2020.02.02"]
[Round "5.7"]
[White "Peczely, Sebastian Zsombor"]
[Black "Halasz, Tamas"]
[Result "0-1"]
[WhiteElo "2283"]
[BlackElo "2355"]
[PlyCount "94"]
[EventDate "2019.11.16"]
[EventType "team-tourn"]
[EventRounds "9"]
[EventCountry "HUN"]
[SourceTitle "CBM 194 Extra"]
[Source "ChessBase"]
[SourceDate "2020.03.31"]
[SourceVersion "1"]
[SourceVersionDate "2020.03.31"]
[SourceQuality "1"]
[WhiteTeam "Maroczy"]
[BlackTeam "Budapest MTK"]
[WhiteTeamCountry "HUN"]
[BlackTeamCountry "HUN"]

1. e4 e5 2. Nf3 Nc6 3. Bb5 a6 4. Ba4 Nf6 5. 0-0 Be7 6. Re1 b5 7. Bb3 d6 8. c3 0-0 9. h3 Na5 10. Bc2 c5 11. d4 Qc7 12. Nbd2 cxd4 13. cxd4 Bb7 14. d5 Rac8 15. Bb1 Nd7 16. Nf1 f5 17. Bg5 Nf6 18. Bxf6 Bxf6 19. exf5 Nc4 20. Be4 Nxb2 21. Qd2 Nc4 22. Qd3 Nb6 23. g4 h6 24. Kg2 Qc4 25. Red1 Qxd3 26. Rxd3 Na4 27. Ng3 Rc3 28. Rad1 Rfc8 29. h4 Rxd3 30. Rxd3 Nc3 31. g5 Bd8 32. f6 Rc5 33. Rxc3 Rxc3 34. fxg7 hxg5 35. Nf5 gxh4 36. Nxd6 Rc7 37. Nf5 Rd7 38. Nxe5 Bxd5 39. f3 Bxe4 40. fxe4 Rd2+ 41. Kh3 Bf6 42. Ng4 Bxg7 43. e5 Re2 44. Nd4 Rxa2 45. Kxh4 Ra4 46. Nc6 Rc4 47. Ne7+ Kf7 0-1

[Event "HUN-chT2 Maroczy 1819"]
[Site "Hungary"]
[Date "2019.04.28"]
[Round "11.5"]
[White "Kovacs, Adrian"]
[Black "Halasz, Tamas"]
[Result "1-0"]
[WhiteElo "2215"]
[BlackElo "2366"]
[PlyCount "53"]
[EventDate "2018.09.23"]
[EventType "team-tourn"]
[EventRounds "11"]
[EventCountry "HUN"]
[SourceTitle "EXT 2021"]
[Source "ChessBase"]
[SourceDate "2020.10.23"]
[SourceVersion "1"]
[SourceVersionDate "2020.10.23"]
[SourceQuality "1"]
[WhiteTeam "Toth Laszlo"]
[BlackTeam "Budapest MTK"]
[WhiteTeamCountry "HUN"]
[BlackTeamCountry "HUN"]

1. c4 e6 2. Nf3 d5 3. g3 Nf6 4. Bg2 dxc4 5. Qa4+ Nbd7 6. Qxc4 a6 7. a4 b5 8. Qc6 Rb8 9. axb5 Bb7 10. Qc2 axb5 11. 0-0 c5 12. d3 Qb6 13. Bd2 Be7 14. Rc1 0-0 15. Ba5 Qd6 16. Na3 Ba8 17. d4 Rfc8 18. dxc5 Rxc5 19. Qd2 Ne4 20. Qxd6 Bxd6 21. b4 Rc3 22. Nd4 Be5 23. Naxb5 Rcc8 24. e3 Bd5 25. f4 Bf6 26. Rxc8+ Rxc8 27. Bxe4 1-0

[Event "HUN-chT2 Maroczy 1819"]
[Site "Hungary"]
[Date "2018.12.02"]
[Round "5.5"]
[White "Blazsik, Zoltan"]
[Black "Halasz, Tamas"]
[Result "0-1"]
[WhiteElo "1747"]
[BlackElo "2366"]
[PlyCount "32"]
[EventDate "2018.09.23"]
[EventType "team-tourn"]
[EventRounds "11"]
[EventCountry "HUN"]
[SourceTitle "EXT 2020"]
[Source "ChessBase"]
[SourceDate "2019.10.17"]
[SourceVersion "1"]
[SourceVersionDate "2019.10.17"]
[SourceQuality "1"]
[WhiteTeam "Szeged Maroczy II"]
[BlackTeam "Budapest MTK"]
[WhiteTeamCountry "HUN"]
[BlackTeamCountry "HUN"]

1. e4 e5 2. Nf3 Nc6 3. Bc4 Bc5 4. c3 Nf6 5. d3 d6 6. b4 Bb6 7. a4 a5 8. Ba3 0-0 9. 0-0 axb4 10. cxb4 Nd4 11. Nxd4 Bxd4 12. Ra2 Bg4 13. Qb3 Nh5 14. Bb2 Nf4 15. Bxd4 Bf3 16. Be3 Qg5 0-1

[Event "Budapest-chT1 Lilienthal 1718"]
[Site "Budapest"]
[Date "2017.11.12"]
[Round "3"]
[White "Halasz, Tamas"]
[Black "Kaczur, Florian"]
[Result "0-1"]
[WhiteElo "2383"]
[BlackElo "2459"]
[PlyCount "50"]
[EventDate "2017.10.01"]
[EventType "team-tourn"]
[EventRounds "13"]
[EventCountry "HUN"]
[SourceTitle "EXT 2021"]
[Source "ChessBase"]
[SourceDate "2020.10.23"]
[SourceVersion "1"]
[SourceVersionDate "2020.10.23"]
[SourceQuality "1"]
[WhiteTeam "Budapest MTK III"]
[BlackTeam "Barcza GSC"]
[WhiteTeamCountry "HUN"]
[BlackTeamCountry "HUN"]

1. d4 d5 2. Nf3 Nc6 3. c4 Bg4 4. Nc3 e6 5. e3 Nf6 6. Qb3 Bxf3 7. gxf3 a6 8. cxd5 exd5 9. f4 Bb4 10. a3 Bxc3+ 11. bxc3 0-0 12. Qxb7 Qd7 13. Qb3 Qg4 14. Qd1 Qh4 15. Qf3 Ne4 16. c4 Rfe8 17. Bb2 Rab8 18. Ra2 Ne7 19. Bd3 Nf5 20. Bxe4 dxe4 21. Qe2 Rb3 22. Kd2 Qf6 23. Kc2 Reb8 24. Bc3 c5 25. Qd2 Qc6 0-1

[Event "Budapest-chT1 Lilienthal 1718"]
[Site "Budapest"]
[Date "2017.10.15"]
[Round "2"]
[White "Polyik, Peter"]
[Black "Halasz, Tamas"]
[Result "1-0"]
[WhiteElo "2277"]
[BlackElo "2383"]
[PlyCount "55"]
[EventDate "2017.10.01"]
[EventType "team-tourn"]
[EventRounds "13"]
[EventCountry "HUN"]
[SourceTitle "EXT 2021"]
[Source "ChessBase"]
[SourceDate "2020.10.23"]
[SourceVersion "1"]
[SourceVersionDate "2020.10.23"]
[SourceQuality "1"]
[WhiteTeam "Aquarena III"]
[BlackTeam "Budapest MTK III"]
[WhiteTeamCountry "HUN"]
[BlackTeamCountry "HUN"]

1. d4 f5 2. g3 Nf6 3. Bg2 d6 4. Nf3 g6 5. b4 Bg7 6. Bb2 0-0 7. 0-0 Qe8 8. c4 e5 9. dxe5 Ng4 10. c5 dxc5 11. h3 Nh6 12. Nc3 c6 13. bxc5 Nd7 14. Qb3+ Kh8 15. Na4 Nxe5 16. Nxe5 Bxe5 17. Rad1 Nf7 18. f4 Bxb2 19. Qxb2+ Kg8 20. e4 fxe4 21. Nc3 Nh6 22. Nxe4 Bxh3 23. Rfe1 Qc8 24. Nf6+ Rxf6 25. Qxf6 Bxg2 26. Re7 Qf8 27. Qe6+ Kh8 28. Rdd7 1-0

[Event "HUN-chT2 Breyer 1718"]
[Site "Hungary"]
[Date "2017.09.24"]
[Round "1.1"]
[White "Halasz, Tamas"]
[Black "Berek, Geza"]
[Result "1/2-1/2"]
[WhiteElo "2383"]
[BlackElo "2234"]
[PlyCount "64"]
[EventDate "2017.09.24"]
[EventType "team-tourn"]
[EventRounds "11"]
[EventCountry "HUN"]
[SourceTitle "EXT 2021"]
[Source "ChessBase"]
[SourceDate "2020.10.23"]
[SourceVersion "1"]
[SourceVersionDate "2020.10.23"]
[SourceQuality "1"]
[WhiteTeam "Kisber Aszar"]
[BlackTeam "Nyergesujfalu"]
[WhiteTeamCountry "HUN"]
[BlackTeamCountry "HUN"]

1. d4 g6 2. Nf3 Bg7 3. c4 Nf6 4. Nc3 d6 5. e4 0-0 6. Be2 e5 7. 0-0 exd4 8. Nxd4 Re8 9. f3 Nc6 10. Be3 Nh5 11. Qd2 Nf4 12. Nxc6 Nxe2+ 13. Nxe2 bxc6 14. Bd4 Bxd4+ 15. Nxd4 c5 16. Ne2 Bd7 17. Nc3 Bc6 18. Rae1 Qf6 19. f4 Qd4+ 20. Qxd4 cxd4 21. Nd5 Bxd5 22. exd5 f5 23. Rd1 Re2 24. Rf2 Rae8 25. Rd2 Re1+ 26. Rf1 R8e2 27. Rxe2 Rxe2 28. Rf2 Re1+ 29. Rf1 Re2 30. Rf2 Re1+ 31. Rf1 Re2 32. Rf2 Re1+ 1/2-1/2

[Event "HUN-chT2 Breyer 1617"]
[Site "Hungary"]
[Date "2017.04.09"]
[Round "9.1"]
[White "Gal, Tamas"]
[Black "Halasz, Tamas"]
[Result "1-0"]
[WhiteElo "2194"]
[BlackElo "2398"]
[PlyCount "53"]
[EventDate "2016.10.30"]
[EventType "team-tourn"]
[EventRounds "9"]
[EventCountry "HUN"]
[SourceTitle "EXT 2021"]
[Source "ChessBase"]
[SourceDate "2020.10.23"]
[SourceVersion "1"]
[SourceVersionDate "2020.10.23"]
[SourceQuality "1"]
[WhiteTeam "Zsambek"]
[BlackTeam "Kisber Aszar"]
[WhiteTeamCountry "HUN"]
[BlackTeamCountry "HUN"]

1. d4 f5 2. c4 Nf6 3. Nc3 d6 4. Nf3 g6 5. Bf4 Bg7 6. e3 0-0 7. c5 h6 8. h4 b6 9. Qb3+ e6 10. cxd6 cxd6 11. Qa3 Ne4 12. Nb5 e5 13. dxe5 dxe5 14. Bc4+ Kh7 15. Rd1 Qxd1+ 16. Kxd1 Nxf2+ 17. Ke1 Nxh1 18. Bxe5 Nc6 19. Bxg7 Kxg7 20. Qd6 Rf6 21. Qc7+ Kh8 22. Nd6 Be6 23. Qxc6 Bxc4 24. Qxa8+ Bg8 25. Qd8 Re6 26. Qf8 g5 27. Nf7+ 1-0

[Event "HUN-chT2 Breyer 1617"]
[Site "Hungary"]
[Date "2017.03.12"]
[Round "8.1"]
[White "Halasz, Tamas"]
[Black "Csoke, Krisztian"]
[Result "1-0"]
[WhiteElo "2398"]
[BlackElo "2270"]
[PlyCount "53"]
[EventDate "2016.10.30"]
[EventType "team-tourn"]
[EventRounds "9"]
[EventCountry "HUN"]
[SourceTitle "EXT 2021"]
[Source "ChessBase"]
[SourceDate "2020.10.23"]
[SourceVersion "1"]
[SourceVersionDate "2020.10.23"]
[SourceQuality "1"]
[WhiteTeam "Kisber Aszar"]
[BlackTeam "Biatorbagy"]
[WhiteTeamCountry "HUN"]
[BlackTeamCountry "HUN"]

1. d4 Nf6 2. Nf3 e6 3. c4 Bb4+ 4. Bd2 Qe7 5. g3 0-0 6. Bg2 Bxd2+ 7. Nbxd2 d6 8. e4 e5 9. d5 Nh5 10. 0-0 g6 11. Ne1 Ng7 12. Nd3 f5 13. Re1 Qf6 14. b4 g5 15. exf5 Bxf5 16. Ne4 Bxe4 17. Bxe4 Nf5 18. Rc1 a5 19. c5 axb4 20. cxd6 Nxd6 21. Rxc7 Nxe4 22. Rxe4 Na6 23. Rcc4 Rae8 24. Qe2 Qd8 25. Rxe5 Qxd5 26. Rce4 Rxe5 27. Rxe5 1-0

[Event "HUN-chT2 Breyer 1617"]
[Site "Hungary"]
[Date "2017.02.26"]
[Round "7.1"]
[White "Bohus, Adam"]
[Black "Halasz, Tamas"]
[Result "1-0"]
[WhiteElo "2253"]
[BlackElo "2398"]
[PlyCount "79"]
[EventDate "2016.10.30"]
[EventType "team-tourn"]
[EventRounds "9"]
[EventCountry "HUN"]
[SourceTitle "EXT 2021"]
[Source "ChessBase"]
[SourceDate "2020.10.23"]
[SourceVersion "1"]
[SourceVersionDate "2020.10.23"]
[SourceQuality "1"]
[WhiteTeam "Naszaly Geniusz Tata"]
[BlackTeam "Kisber Aszar"]
[WhiteTeamCountry "HUN"]
[BlackTeamCountry "HUN"]

1. d4 f5 2. Bg5 h6 3. Bh4 g6 4. e4 d5 5. exf5 Bxf5 6. g4 Be6 7. Bd3 g5 8. Bg6+ Kd7 9. Bg3 Nf6 10. h3 Nc6 11. Nf3 Kc8 12. Nc3 Rg8 13. Qe2 Qd7 14. Bd3 Nxg4 15. Nb5 Nf6 16. Nxc7 Ne4 17. Nxa8 Nxg3 18. fxg3 Bxh3 19. Ne5 Nxe5 20. Qxe5 Bg7 21. Qc7+ Qxc7 22. Nxc7 Bg2 23. Rh2 Bf3 24. Ne6 Bf6 25. Bf5 Kb8 26. Rxh6 b6 27. g4 Kb7 28. Kf2 Be4 29. Bxe4 dxe4 30. Ke3 Kc6 31. Kxe4 Kd7 32. Kf5 Rc8 33. c3 Rc6 34. Nxg5 Rd6 35. Nf7 Rd5+ 36. Ke4 Rb5 37. b3 Ke6 38. g5 Kxf7 39. gxf6 exf6 40. Rf1 1-0

[Event "HUN-chT2 Breyer 1617"]
[Site "Hungary"]
[Date "2016.11.27"]
[Round "3.1"]
[White "Lyell, Mark"]
[Black "Halasz, Tamas"]
[Result "0-1"]
[WhiteElo "2213"]
[BlackElo "2398"]
[PlyCount "72"]
[EventDate "2016.10.30"]
[EventType "team-tourn"]
[EventRounds "9"]
[EventCountry "HUN"]
[SourceTitle "EXT 2021"]
[Source "ChessBase"]
[SourceDate "2020.10.23"]
[SourceVersion "1"]
[SourceVersionDate "2020.10.23"]
[SourceQuality "1"]
[WhiteTeam "Budapest MTK II"]
[BlackTeam "Kisber Aszar"]
[WhiteTeamCountry "HUN"]
[BlackTeamCountry "HUN"]

1. e4 e5 2. f4 exf4 3. Bc4 Nf6 4. Nc3 c6 5. Bb3 d5 6. exd5 Bd6 7. Qe2+ Kf8 8. Nf3 cxd5 9. Nxd5 Nc6 10. c3 Bg4 11. Nxf6 Qxf6 12. 0-0 Ne5 13. d4 Nxf3+ 14. gxf3 Bh3 15. Re1 h5 16. Bd2 g5 17. Kh1 g4 18. Bd5 Rb8 19. c4 Rg8 20. Bc3 g3 21. Qd2 gxh2 22. Re2 Rg1+ 23. Rxg1 hxg1Q+ 24. Kxg1 Qg5+ 25. Kh1 b5 26. Bb4 Bxb4 27. Qxb4+ Kg7 28. Qe1 Re8 29. Qf2 Re3 30. Rxe3 fxe3 31. Qg1 Kf6 32. Qxg5+ Kxg5 33. Kg1 Kf4 34. cxb5 Kg3 35. Bc4 Bg2 36. d5 h4 0-1

[Event "HUN-chT2 Breyer 1516"]
[Site "Hungary"]
[Date "2016.03.20"]
[Round "9.1"]
[White "Haszon, David"]
[Black "Halasz, Tamas"]
[Result "0-1"]
[WhiteElo "2219"]
[BlackElo "2394"]
[PlyCount "94"]
[EventDate "2015.09.13"]
[EventType "team-tourn"]
[EventRounds "11"]
[EventCountry "HUN"]
[SourceTitle "EXT 2017"]
[Source "ChessBase"]
[SourceDate "2016.10.25"]
[SourceVersion "1"]
[SourceVersionDate "2016.10.25"]
[SourceQuality "1"]
[WhiteTeam "Kobanya Aquarena"]
[BlackTeam "Kisber Aszar"]
[WhiteTeamCountry "HUN"]
[BlackTeamCountry "HUN"]

1. e4 c5 2. Nf3 Nc6 3. d4 cxd4 4. Nxd4 Nf6 5. Nc3 d6 6. Bg5 Bd7 7. Qd2 Rc8 8. 0-0-0 Nxd4 9. Qxd4 Qa5 10. Bd2 a6 11. Kb1 Qc5 12. Qxc5 Rxc5 13. f3 g6 14. Be3 Rc8 15. Bd4 Bg7 16. Nd5 e5 17. Bc3 Nxd5 18. Rxd5 Rc6 19. Be2 Be6 20. Rdd1 Ke7 21. Rhf1 Rhc8 22. Bd3 Rxc3 23. bxc3 Rxc3 24. Kb2 Rc6 25. c4 Bh6 26. Rf2 Bxc4 27. Bxc4 Rxc4 28. Rc2 Rb4+ 29. Ka3 Rb5 30. Rb2 Ra5+ 31. Kb4 Rc5 32. Ka4 b5+ 33. Ka5 Rc6 34. a4 bxa4 35. Kxa4 Be3 36. Ka5 Bd4 37. Rb7+ Ke6 38. Rd3 Rc2 39. Kxa6 Rxg2 40. f4 Rxh2 41. f5+ gxf5 42. exf5+ Kf6 43. Rd7 Bc5 44. Kb5 e4 45. Rd1 e3 46. Kc4 Rf2 47. Rh1 e2 0-1

[Event "HUN-chT2 Breyer 1516"]
[Site "Hungary"]
[Date "2015.12.06"]
[Round "6.1"]
[White "Halasz, Tamas"]
[Black "Meixner, Ferenc"]
[Result "1-0"]
[WhiteElo "2394"]
[BlackElo "2002"]
[PlyCount "53"]
[EventDate "2015.09.13"]
[EventType "team-tourn"]
[EventRounds "11"]
[EventCountry "HUN"]
[SourceTitle "CBM 170 Extra"]
[Source "ChessBase"]
[SourceDate "2016.02.25"]
[SourceVersion "1"]
[SourceVersionDate "2016.02.25"]
[SourceQuality "1"]
[WhiteTeam "Kisber Aszar"]
[BlackTeam "Turul"]
[WhiteTeamCountry "HUN"]
[BlackTeamCountry "HUN"]

1. d4 Nf6 2. Nf3 c5 3. d5 d6 4. c4 b5 5. cxb5 a6 6. e3 g6 7. Nc3 Bg7 8. a4 axb5 9. Bxb5+ Nfd7 10. e4 Na6 11. 0-0 0-0 12. Bf4 Nb4 13. Qd2 Ba6 14. Bh6 Nb6 15. Bxg7 Kxg7 16. b3 Bxb5 17. Nxb5 Qd7 18. Rfe1 h6 19. Rad1 Rad8 20. Nc3 Qb7 21. h4 Nd7 22. h5 Nf6 23. hxg6 fxg6 24. Nb5 Kh7 25. Nfd4 Rf7 26. Ne6 Ra8 27. Re3 1-0

[Event "HUN-chT2 Szechenyi 1415"]
[Site "Hungary"]
[Date "2015.04.26"]
[Round "11.1"]
[White "Rezsek, Gyozo"]
[Black "Halasz, Tamas"]
[Result "0-1"]
[WhiteElo "1983"]
[BlackElo "2404"]
[PlyCount "140"]
[EventDate "2014.09.07"]
[EventType "team-tourn"]
[EventRounds "11"]
[EventCountry "HUN"]
[SourceTitle "EXT 2016"]
[Source "ChessBase"]
[SourceDate "2015.10.08"]
[SourceVersion "1"]
[SourceVersionDate "2015.10.08"]
[SourceQuality "1"]
[WhiteTeam "Keszthely"]
[BlackTeam "Kisber Aszar"]
[WhiteTeamCountry "HUN"]
[BlackTeamCountry "HUN"]

1. e4 e5 2. Nf3 Nc6 3. Bb5 a6 4. Ba4 Nf6 5. 0-0 Be7 6. d4 exd4 7. e5 Ne4 8. Re1 Nc5 9. Bxc6 dxc6 10. Nxd4 0-0 11. Nc3 f5 12. Nce2 Ne6 13. c3 c5 14. Nxe6 Qxd1 15. Rxd1 Bxe6 16. Nf4 Kf7 17. Nxe6 Kxe6 18. f4 Rg8 19. Kf2 g5 20. g3 gxf4 21. gxf4 Rg4 22. Be3 Rh4 23. Kg2 Rg8+ 24. Kh1 Rh3 25. Re1 b6 26. Rad1 c4 27. Rd2 Bh4 28. Ree2 Rf3 29. Rd1 h5 30. Rg1 Rg4 31. Rxg4 hxg4 32. Kg2 Be7 33. Bc1 Bc5 34. Bd2 Rd3 35. Kf1 Bf8 36. Be3 Be7 37. Kf2 Rd1 38. Kg2 Ra1 39. a3 c5 40. Kg3 b5 41. h3 gxh3 42. Rh2 Rb1 43. Kxh3 Kd5 44. Rd2+ Ke4 45. Bf2 Kxf4 46. Bg3+ Ke4 47. Rd7 f4 48. Bh2 f3 49. Bg3 Rh1+ 50. Kg4 Rh7 51. e6 Rg7+ 52. Kh3 Kf5 53. Bh4 f2 54. Bxf2 Kxe6 55. Ra7 Kd5 56. Rxa6 Ke4 57. Rh6 Kf3 58. Bh4 Rg1 59. Kh2 Rg2+ 60. Kh3 Bxh4 61. Rxh4 Rxb2 62. a4 Rb1 63. Kh2 bxa4 64. Rxc4 a3 65. Ra4 Rb3 66. c4 Rb2+ 67. Kh3 a2 68. Kh4 Ke4 69. Kg4 Kd4 70. Kf4 Kc3 0-1

[Event "HUN-chT2 Szechenyi 1415"]
[Site "Hungary"]
[Date "2014.11.16"]
[Round "4.1"]
[White "Halasz, Tamas"]
[Black "Fendrik, Lajos"]
[Result "1-0"]
[WhiteElo "2404"]
[BlackElo "2164"]
[PlyCount "93"]
[EventDate "2014.09.07"]
[EventType "team-tourn"]
[EventRounds "11"]
[EventCountry "HUN"]
[SourceTitle "EXT 2016"]
[Source "ChessBase"]
[SourceDate "2015.10.08"]
[SourceVersion "1"]
[SourceVersionDate "2015.10.08"]
[SourceQuality "1"]
[WhiteTeam "Kisber Aszar"]
[BlackTeam "Zala Volan"]
[WhiteTeamCountry "HUN"]
[BlackTeamCountry "HUN"]

1. d4 Nf6 2. Nf3 g6 3. c4 Bg7 4. Nc3 d5 5. Bg5 Ne4 6. cxd5 Nxg5 7. Nxg5 e6 8. Qd2 h6 9. Nf3 exd5 10. 0-0-0 0-0 11. h4 Re8 12. Qf4 c6 13. e3 Qf6 14. Qg3 Nd7 15. h5 g5 16. Bd3 Qe6 17. Kb1 Nf6 18. Ne5 Ne4 19. Nxe4 Bxe5 20. dxe5 dxe4 21. Bxe4 Qxe5 22. Qxe5 Rxe5 23. Rd8+ Kg7 24. Bc2 Rd5 25. Rxd5 cxd5 26. Rd1 Be6 27. Rd4 Rc8 28. b3 Kf8 29. Kb2 Ke7 30. Ra4 a6 31. Rb4 b5 32. Bd3 Bd7 33. Rd4 Ke6 34. b4 f5 35. Be2 Be8 36. g4 Rd8 37. Kc3 fxg4 38. Bxg4+ Kd6 39. f4 Bf7 40. Bf3 Rc8+ 41. Kd2 Rg8 42. Ke1 gxf4 43. Rxf4 Ke7 44. Rxf7+ Kxf7 45. Bxd5+ Kf8 46. Bxg8 Kxg8 47. Kf2 1-0

[Event "HUN-chT2 Szechenyi 1415"]
[Site "Hungary"]
[Date "2014.09.07"]
[Round "1.1"]
[White "Halasz, Tamas"]
[Black "Nagy, Bence"]
[Result "1-0"]
[WhiteElo "2404"]
[BlackElo "2337"]
[PlyCount "69"]
[EventDate "2014.09.07"]
[EventType "team-tourn"]
[EventRounds "11"]
[EventCountry "HUN"]
[SourceTitle "EXT 2016"]
[Source "ChessBase"]
[SourceDate "2015.10.08"]
[SourceVersion "1"]
[SourceVersionDate "2015.10.08"]
[SourceQuality "1"]
[WhiteTeam "Kisber Aszar"]
[BlackTeam "Lovo"]
[WhiteTeamCountry "HUN"]
[BlackTeamCountry "HUN"]

1. d4 Nf6 2. Nf3 e6 3. c4 d5 4. Nc3 dxc4 5. e3 a6 6. Bxc4 b5 7. Bd3 Bb7 8. 0-0 Nbd7 9. a4 b4 10. Nb1 Bd6 11. Nbd2 0-0 12. Nc4 Ne4 13. Nxd6 cxd6 14. a5 f5 15. Ne1 Bd5 16. f3 Nef6 17. Nc2 Bb3 18. Qe1 Bxc2 19. Bxc2 Qc7 20. Bb3 d5 21. Bd2 Rfb8 22. Bxb4 Qb7 23. Ra4 Qb5 24. Bd1 Rc8 25. Bc3 Ne8 26. Ra1 Nd6 27. Bb4 Qb8 28. Ba4 Nb5 29. Qd2 Qb7 30. Rfc1 Nf6 31. Rxc8+ Rxc8 32. Rc1 Rxc1+ 33. Qxc1 Nxd4 34. Qc5 Ne2+ 35. Kf2 1-0

[Event "Budapest-chT1 Lilienthal 1314"]
[Site "Budapest"]
[Date "2014.02.09"]
[Round "7"]
[White "Kormos, Adam"]
[Black "Halasz, Tamas"]
[Result "0-1"]
[WhiteElo "2186"]
[BlackElo "2392"]
[PlyCount "80"]
[EventDate "2013.09.29"]
[EventType "team-tourn"]
[EventRounds "11"]
[EventCountry "HUN"]
[SourceTitle "EXT 2021"]
[Source "ChessBase"]
[SourceDate "2020.10.23"]
[SourceVersion "1"]
[SourceVersionDate "2020.10.23"]
[SourceQuality "1"]
[WhiteTeam "Budapest EAC III"]
[BlackTeam "Rakosliget"]
[WhiteTeamCountry "HUN"]
[BlackTeamCountry "HUN"]

1. e4 e5 2. Nf3 Nc6 3. Bb5 a6 4. Ba4 Nf6 5. 0-0 Be7 6. Re1 b5 7. Bb3 d6 8. c3 0-0 9. d3 Bb7 10. Nbd2 Na5 11. Bc2 c5 12. Nf1 Re8 13. Bg5 h6 14. Bh4 g6 15. Qd2 Kg7 16. Rad1 Rc8 17. Ne3 Nc6 18. Bxf6+ Bxf6 19. Nd5 Re6 20. a4 Ne7 21. Nxf6 Rxf6 22. axb5 axb5 23. d4 Qc7 24. d5 g5 25. h4 g4 26. Nxe5 dxe5 27. d6 Qd7 28. dxe7 Qxe7 29. Qe2 Rg6 30. Qxb5 Ba6 31. Qd7 Qxh4 32. Rd6 Rxd6 33. Qxd6 Qf6 34. Qd7 Qg5 35. Rd1 Rb8 36. b3 Be2 37. Re1 Rd8 38. Qc7 Rd2 39. Bb1 g3 40. Qxc5 Bf3 0-1

[Event "HUN-chT2 Breyer 1314"]
[Site "Hungary"]
[Date "2013.09.08"]
[Round "1"]
[White "Halasz, Tamas"]
[Black "Harmatosi, Jozsef"]
[Result "1-0"]
[WhiteElo "2392"]
[BlackElo "2236"]
[PlyCount "49"]
[EventDate "2013.09.08"]
[EventType "team-tourn"]
[EventRounds "9"]
[EventCountry "HUN"]
[SourceTitle "EXT 2016"]
[Source "ChessBase"]
[SourceDate "2015.10.08"]
[SourceVersion "1"]
[SourceVersionDate "2015.10.08"]
[SourceQuality "1"]
[WhiteTeam "Kisber Aszar"]
[BlackTeam "Szazhalombatta"]
[WhiteTeamCountry "HUN"]
[BlackTeamCountry "HUN"]

1. d4 d5 2. c4 c6 3. e3 Nf6 4. Nc3 e6 5. Nf3 Ne4 6. Bd3 f5 7. Ne5 Qh4 8. g3 Qh3 9. Bf1 Qh6 10. Bg2 Nd7 11. Nxd7 Bxd7 12. Qb3 b5 13. cxb5 cxb5 14. 0-0 Nxc3 15. bxc3 Qg6 16. a4 a6 17. axb5 Bxb5 18. Qxb5+ axb5 19. Rxa8+ Kd7 20. Bd2 Qf6 21. Rfa1 g6 22. R1a7+ Kc6 23. Ra6+ Kb7 24. R8a7+ Kb8 25. e4 1-0

[Event "HUN-chT2 Breyer 1213"]
[Site "Hungary"]
[Date "2013.04.21"]
[Round "11.1"]
[White "Juhasz, Mark"]
[Black "Halasz, Tamas"]
[Result "0-1"]
[WhiteElo "2155"]
[BlackElo "2364"]
[PlyCount "44"]
[EventDate "2012.09.16"]
[EventType "team-tourn"]
[EventRounds "11"]
[EventCountry "HUN"]
[SourceTitle "EXT 2014"]
[Source "ChessBase"]
[SourceDate "2013.11.20"]
[SourceVersion "1"]
[SourceVersionDate "2013.11.20"]
[SourceQuality "1"]
[WhiteTeam "Zsambek"]
[BlackTeam "Kisber Aszar"]
[WhiteTeamCountry "HUN"]
[BlackTeamCountry "HUN"]

1. c4 e6 2. g3 d5 3. Bg2 Nf6 4. Nf3 dxc4 5. Na3 Bxa3 6. bxa3 b5 7. Ne5 Nd5 8. d3 Qd6 9. Bf4 Qxa3 10. dxc4 bxc4 11. 0-0 Bb7 12. Nxc4 Qa6 13. Qb3 0-0 14. Rfc1 Nc6 15. Rab1 Rab8 16. Be5 Ba8 17. Qc2 f6 18. Bf4 Nd4 19. Qd3 Rxb1 20. Rxb1 Nxf4 21. gxf4 Qxa2 22. Bxa8 Nxe2+ 0-1

[Event "Budapest-chT1 Lilienthal 1213"]
[Site "Budapest"]
[Date "2013.03.10"]
[Round "9"]
[White "Metaxasz, Vaszilisz"]
[Black "Halasz, Tamas"]
[Result "0-1"]
[WhiteElo "2151"]
[BlackElo "2364"]
[PlyCount "80"]
[EventDate "2012.09.30"]
[EventType "team-tourn"]
[EventRounds "11"]
[EventCountry "HUN"]
[SourceTitle "EXT 2019"]
[Source "ChessBase"]
[SourceDate "2018.10.10"]
[SourceVersion "1"]
[SourceVersionDate "2018.10.10"]
[SourceQuality "1"]
[WhiteTeam "Taban Spartacus II"]
[BlackTeam "Budapest RAC"]
[WhiteTeamCountry "HUN"]
[BlackTeamCountry "HUN"]

1. d4 Nf6 2. Nf3 d5 3. c4 e6 4. Nc3 c6 5. Bg5 Nbd7 6. cxd5 exd5 7. e3 Bd6 8. Bd3 Nf8 9. Ne5 Ne6 10. Bh4 g6 11. Qc2 Ng7 12. g4 Be7 13. h3 Nd7 14. Bg3 Bh4 15. Bxh4 Qxh4 16. 0-0-0 Nxe5 17. dxe5 h5 18. Bxg6 hxg4 19. hxg4 Qxh1 20. Rxh1 Rxh1+ 21. Kd2 Bxg4 22. Bd3 0-0-0 23. Qa4 d4 24. exd4 Kb8 25. Ne4 Nf5 26. Nd6 Nxd6 27. exd6 Be6 28. Qb4 Rh5 29. Be4 Bd5 30. f3 Rd7 31. Ke3 Rh6 32. Bf5 Rdxd6 33. a4 Rd8 34. a5 Rhd6 35. a6 b6 36. Qe1 Re8+ 37. Be4 f5 38. Qg3 Kc7 39. Qg7+ Rd7 40. Qg6 Rf7 0-1

[Event "HUN-chT2 Breyer 1213"]
[Site "Hungary"]
[Date "2013.01.27"]
[Round "7.1"]
[White "Pribek, Laszlo"]
[Black "Halasz, Tamas"]
[Result "0-1"]
[WhiteElo "2174"]
[BlackElo "2364"]
[PlyCount "110"]
[EventDate "2012.09.16"]
[EventType "team-tourn"]
[EventRounds "11"]
[EventCountry "HUN"]
[SourceTitle "EXT 2014"]
[Source "ChessBase"]
[SourceDate "2013.11.20"]
[SourceVersion "1"]
[SourceVersionDate "2013.11.20"]
[SourceQuality "1"]
[WhiteTeam "MAV Elore"]
[BlackTeam "Kisber Aszar"]
[WhiteTeamCountry "HUN"]
[BlackTeamCountry "HUN"]

1. e4 e5 2. Nf3 Nc6 3. d4 exd4 4. Nxd4 Bc5 5. Nb3 Bb6 6. Qe2 d6 7. Nc3 Nf6 8. Be3 Qe7 9. Bxb6 axb6 10. 0-0-0 Be6 11. Kb1 0-0 12. Qd2 Bxb3 13. cxb3 Nxe4 14. Nxe4 Qxe4+ 15. Bd3 Qb4 16. Qxb4 Nxb4 17. a3 Nxd3 18. Rxd3 Rfe8 19. Rhd1 Re2 20. R1d2 Rae8 21. Kc2 Kf8 22. h4 R8e5 23. b4 Ke7 24. g3 Ke6 25. Kc3 f6 26. a4 h5 27. b5 g5 28. b4 Rxd2 29. Rxd2 gxh4 30. gxh4 c6 31. bxc6 bxc6 32. Ra2 c5 33. bxc5 Rxc5+ 34. Kb4 d5 35. Re2+ Kd6 36. Re8 Rc4+ 37. Kb5 Rxh4 38. Ra8 Rf4 39. Kxb6 Rxf2 40. a5 Rb2+ 41. Ka7 d4 42. a6 Ke5 43. Rh8 d3 44. Ka8 Ra2 45. a7 f5 46. Kb7 f4 47. a8Q Rxa8 48. Kxa8 f3 49. Rxh5+ Ke4 50. Rh8 f2 51. Re8+ Kd5 52. Rd8+ Ke6 53. Rxd3 f1Q 54. Rd8 Ke7 55. Rc8 Kd7 0-1